000 01790nam2a22002651 4500
001 rc\2362499
005 20110829154741.9
035 _a(NLR Aleph) 006478653
090 _a6010401
_c6010401
100 _a20110829d1977 |||y0rusy50 ca
101 0 _arus
102 _aRU
105 _ay z |||||
200 0 _a... за 1976 год
_fИсполн. инж. Н.Ф. Деренговская, инж. В.А. Орешкина
210 _d1977
215 _a88 с.
461 0 _1001rc\2362498
_12001#$aОбзор фронта обслуживания оборудования основными рабочими и помощниками мастера в производстве искусственных волокон...$eОтчет$fМ-во хим. пром-сти. Науч. произв. объединение "Химволокно". Всесоюз. н.-и. и проектный ин-т искусств. волокна с опыт. з-дом. ВНИИВ Проект$v... за 1976 год
_96010394
_cМытищи
_d1977
_fМ-во хим. пром-сти. Науч. произв. объединение "Химволокно". Всесоюз. н.-и. и проектный ин-т искусств. волокна с опыт. з-дом. ВНИИВ Проект
_nБ. и.
_oОтчет
_tОбзор фронта обслуживания оборудования основными рабочими и помощниками мастера в производстве искусственных волокон...
_v... за 1976 год
702 1 _aОрешкина
_bВ. А.
_4570
702 1 _aДеренговская
_bН. Ф.
_4570
801 0 _aRU
_bNLR
_gpsbo
801 1 _aRU
_bELAR
_2rusmarc
852 _aNLR
_j75-50к/4927
852 _aNLR
_j75-50К/4927
942 _cBOOK
980 _aNB